| 000 | 01853cam a2200349 a 4500 | ||
|---|---|---|---|
| 001 | 5017458 | ||
| 005 | 20220326193324.0 | ||
| 008 | 041108s2004 it a 000 0 ita c | ||
| 020 | _a8881584921 | ||
| 035 | _a(NNC)5017458 | ||
| 035 | _a(OCoLC)ocm56932712 | ||
| 040 |
_aPUL _cPUL _dC3L _dEYE _dOKS _dBAKER |
||
| 041 | 0 |
_aita _aeng |
|
| 042 | _apcc | ||
| 043 | _ae-it--- | ||
| 045 | _ax4x- | ||
| 082 | 0 | 4 |
_a708 _bD961j |
| 100 |
_aBoeri, Stefano. _92710 |
||
| 245 | 0 | 0 |
_aJimmie Durham / _ctesti di / texts by Stefano Boeri ... [et al.]. |
| 260 |
_aMilano : _bCharta ; _aComo : _bFondazione Antonio Ratti, _c2004. |
||
| 300 |
_a158 p. : _bill. (some col.) ; _c21 cm. |
||
| 490 | 1 |
_aQuaderni del Corso superiore di arte visiva = _aAdvanced course in visual arts publications ; _v9 |
|
| 505 |
_tDieci anni _tTen Years _tInsegnare arte, Fare arte _tTeaching Art, Making Art _tIn seconda battuta _tSecond thoughts _tValore Durham _tFlying Durham _tStones rejected by the Builder _tSurely we will be confused _tSurely we will be confused _tEyes wide open _tEyes wide open _tMostra di fine corso degli allievo en of course student exhibition _tCoferenze/Lectures _tPietre scartate dal costruttore _tstone rejected by builder _tl`opera buona e giusta. Meccanismi di scissione e paradossi dell`arte relazionale _tThe good and righteous work: Mecanisms of splitting and paradoxes in relational Art _tSpazi espositivi e condizione urbana _tExhibition Spaces and the urban condition |
||
| 546 | _aParallel text in Italian and English. | ||
| 600 | 1 | 0 |
_aDurham, Jimmie. _92711 |
| 650 | 0 |
_aArt, Modern _y21st century _vExhibitions. _9442 |
|
| 650 | 0 |
_aArt _xStudy and teaching _zItaly _zComo. _92712 |
|
| 700 | 1 |
_aBoeri, Stefano. _92713 |
|
| 830 | 0 |
_aQuaderni del Corso superiore di arte visiva ; _v9. _92714 |
|
| 948 | 1 |
_a20061117 _bc _crhg9 _dSCMC |
|
| 999 |
_c606 _d606 |
||